Which countries do these bands come from - Statistics

General Stats
  • This quiz has been taken 61 times
  • The average score is 17 of 26
Answer Stats
Band Hit Song Country % Correct
Eminem Lose Yourself The United States
98%
ABBA Dancing Queen Sweden
96%
Queen Bohemian Rhapsody The United Kingdom
96%
AC/DC Back in black Australia
94%
Michael Jackson Billie Jean The United States
94%
Bob Marley I Shot the Sheriff Jamaica
93%
Linkin Park Numb The United States
89%
PSY Gangnam Style South Korea
87%
Ed Sheeran Shape of You The United Kingdom
85%
Rihanna Umbrella Barbados
81%
Shakira Whenever, Whenever Colombia
81%
Rammstein AMERIKA Germany
78%
Drake One Dance Canada
76%
Daft Punk Around the world France
74%
Johann Sebastian Bach Matthäus-passion (St Matthew Passion) Germany
72%
Avicii Hey Brother Sweden
67%
Scorpions Rock you like a Hurricane Germany
59%
David Guetta 2U France
57%
INXS Never Tear Us Apart Australia
56%
BABY METAL Gimme chocolate!! Japan
31%
Deadmau5 Ghosts 'n' Stuff Canada
26%
Volbeat Still Counting Denmark
24%
Golden Earring Radar Love The Netherlands
22%
Martin Garrix Animals The Netherlands
22%
Within Temptation Ice Queen The Netherlands
20%
Vengaboys Boom, Boom, Boom, Boom!! The Netherlands
20%
No matching quizzes found
Score Distribution
Percent of People with Each Score
Percentile by Number Answered
Your Score History
You have not taken this quiz